000 00367nam a22001457a 4500
003 OSt
005 20260418162539.0
008 260418b |||||||| |||| 00| 0 eng d
040 _cIIMT COLLEGE OF PHARMACY GREATER NOIDA
100 _a SINGH, SHRADDHA
245 _aPHARMACOTHERAPEUTICS
260 _aSHRI BADR
_bNEW DELHI
_c2025
300 _a144
942 _2ddc
_c06
999 _c67870
_d67870